Literatura española contemporánea

Saved in:
Bibliografiske detaljer
Hovedforfatter: Torrente Ballester, Gonzalo (Author)
Format: Bog
Sprog:spansk
Udgivet: Madrid Guadarrama 1963
Fag:
Tags: Tilføj Tag
Ingen Tags, Vær først til at tagge denne postø!

MARC

LEADER 00000nam a2200000 a 4500
001 UCT6673
003 CL-VaPUC
005 20241120100006.0
008 970113e19630000SP |||||||||||||||||spa|d
999 |c 255354  |d 255352 
040 |c Pontificia Universidad Católica de Valparaíso 
082 0 4 |a 860.9  |b TOR  |2 21 
100 0 |a Torrente Ballester, Gonzalo  |e author  |9 322592 
245 1 0 |a Literatura española contemporánea 
260 |a Madrid  |b Guadarrama  |c 1963 
300 |a v 
500 |a v.1: Estudio crítico 
583 |a last modification  |c 19970113 00:00:00  |k Rodrigo Vera 
600 0 7 |a PEREZ GALDOS, BENITO  |2 CL-VaPUC  |9 318144 
600 0 7 |a ALAS, LEOPOLDO  |2 CL-VaPUC  |9 348483 
600 0 |a Menéndez y Pelayo, Marcelino,  |d 1856-1912  |9 864861 
600 0 |a Palacio Valdés, Armando  |d 1853-1938  |9 879979 
600 0 7 |a RUEDA, SALVADOR  |2 CL-VaPUC  |9 353412 
600 0 |a Machado Ruíz, Antonio,   |d 1875-1939  |9 389743 
600 0 |a Machado Ruiz, Manuel,  |d 1874-1947  |9 317143 
600 0 7 |a UNAMUNO, MIGUEL DE  |2 CL-VaPUC  |9 312478 
600 0 7 |a VALLE INCLAN, RAMON DEL  |2 CL-VaPUC  |9 315482 
600 0 7 |a BAROJA, PIO  |2 CL-VaPUC  |9 322211 
600 0 7 |a Maeztu, Ramiro de,  |d 1875-1936  |9 861918 
600 0 |a García Lorca, Federico   |e autor   |9 315690 
600 0 7 |a GOYTISOLO, JUAN  |2 CL-VaPUC  |9 376899 
600 0 |a Jiménez, Juan Ramón,  |d 1881-1958  |9 858379 
600 0 |a Azorín,  |d 1873-1967  |q Martínez Ruiz, José   |9 353525 
650 0 |a Literatura española  |9 306261 
650 0 |a Historia y crítica   |9 257407 
650 0 |a Poesía española  |9 264938 
650 7 |a NOVELA ESPAÑOLA  |2 CL-VaPUC  |9 313139 
650 7 |a PROSA ESPAÑOLA  |2 CL-VaPUC  |9 321304 
650 0 |a Teatro español  |9 265077 
650 0 |a Ensayos españoles  |9 313128 
852 |a BIBCUR 
942 |c BK  |2 ddc 
945 |d 19970113 00:00:00  |a rleighto 
952 |0 0  |1 0  |4 0  |6 860_900000000000000_TOR_1963  |7 0  |8 A  |9 277568  |a BIBEDU  |b BIBEDU  |d 2019-11-19  |h v.1  |i 3270041  |o 860.9 TOR 1963  |p 3270041  |r 2019-11-19  |w 2019-11-19  |y BK  |k LIT